Soil Sampling and Methods of Analysis (Record no. 15551)
[ view plain ]
| 000 -LEADER | |
|---|---|
| fixed length control field | 00372nam a22001457a 4500 |
| 003 - CONTROL NUMBER IDENTIFIER | |
| control field | OSt |
| 008 - FIXED-LENGTH DATA ELEMENTS--GENERAL INFORMATION | |
| fixed length control field | 190515b ||||| |||| 00| 0 eng d |
| 020 ## - INTERNATIONAL STANDARD BOOK NUMBER | |
| ISBN | 978381450574 |
| 082 ## - DEWEY DECIMAL CLASSIFICATION NUMBER | |
| Classification number | 631.43 |
| Item number | PAL/SO |
| 100 ## - MAIN ENTRY--AUTHOR NAME | |
| Personal name | Pal, S K |
| 245 ## - TITLE STATEMENT | |
| Title | Soil Sampling and Methods of Analysis |
| 260 ## - PUBLICATION, DISTRIBUTION, ETC. (IMPRINT) | |
| Place of publication | New Delhi |
| Name of publisher | New India Publishing Agency |
| Year of publication | 2013 |
| 300 ## - PHYSICAL DESCRIPTION | |
| Number of Pages | 315 p. |
| 942 ## - ADDED ENTRY ELEMENTS (KOHA) | |
| Koha item type | Books |
| Withdrawn status | Lost status | Damaged status | Collection code | Home library | Current library | Shelving location | Date acquired | Cost, normal purchase price | Full call number | Accession Number | Koha item type | Source of acquisition |
|---|---|---|---|---|---|---|---|---|---|---|---|---|
| Non-fiction | KAUAET | KAUAET | General Stacks | 15/05/2019 | 2250.00 | 631.43 PAL/SO | 25771 | Books | ||||
| General Books | KAUAET | KAUAET | Scheme | 27/07/2020 | 2250.00 | 631.43 PAL/SO | BB 580 | Book Bank scheme for SC students | Aman Book stall |
